| 000 | 00604nam a22001577a 4500 | ||
|---|---|---|---|
| 082 | _a200 | ||
| 100 | _aMahmood, Asad | ||
| 245 |
_aRole of Unconditional Cash Transfer in Reducing Risk and Building Resilience of Communities in Pakistan: _bAn Analytic Study / _cAsad Mahmood |
||
| 260 |
_aIslamabad : _bMCE - NUST, _c2017. |
||
| 300 |
_a76 p. ; _c30cm. |
||
| 650 |
_aMS-Construction Engineering and Management _9126573 |
||
| 700 |
_aDr. Naseem Shahzad _931134 |
||
| 856 | _uhttp://10.250.8.41:8080/xmlui/handle/123456789/11822 | ||
| 942 |
_2ddc _cSC |
||
| 999 |
_c536178 _d536178 |
||